Integral Yoga (Record no. 239400)

MARC details
000 -LEADER
fixed length control field 00355nam a2200145Ia 4500
005 - DATE AND TIME OF LATEST TRANSACTION
control field 20250729165731.0
008 - FIXED-LENGTH DATA ELEMENTS--GENERAL INFORMATION
fixed length control field 250729s2005 xx 000 0 und d
041 ## - LANGUAGE CODE
Language code of text/sound track or separate title eng
082 ## - DEWEY DECIMAL CLASSIFICATION NUMBER
Classification number 800.7 REGI
100 ## - MAIN ENTRY--PERSONAL NAME
Personal name V.L.Rego
9 (RLIN) 231675
245 ## - TITLE STATEMENT
Title Integral Yoga
260 ## - PUBLICATION, DISTRIBUTION, ETC.
Place of publication, distribution, etc. Mangalore
Name of publisher, distributor, etc. Integral Yoga Sastanga
Date of publication, distribution, etc. 2005
300 ## - PHYSICAL DESCRIPTION
Extent 121p
650 ## - SUBJECT ADDED ENTRY--TOPICAL TERM
Topical term or geographic name entry element Yoga
9 (RLIN) 231676
Holdings
Withdrawn status Lost status Damaged status Not for loan Home library Current library Date acquired Source of acquisition Cost, normal purchase price Total Checkouts Full call number Barcode Date last seen Cost, replacement price Price effective from Koha item type
        St Aloysius Library St Aloysius Library 07/29/2025 Management Books 50.00   800.7 REGI BED04719 07/29/2025 50.00 07/29/2025 Book